| 000 | 00618nam a2200169 a 4500 | ||
|---|---|---|---|
| 008 | 120416s1983 ||||||||||||||||| || u | ||
| 050 | _aHD 82 Thi | ||
| 100 | _aThirwall, A.P | ||
| 245 | 1 | 0 | _aGrowth and development, with special reference to developmental economics. --3rd ed. |
| 250 | _a3rd.ed | ||
| 260 |
_a[London] _bMacmillan _c[1983] |
||
| 300 | _axvi, 409p. : ill. | ||
| 350 | _a0.00 | ||
| 650 | 0 | _aECONOMICS | |
| 650 | _aECONOMIC GROWTH--DEVELOPMENT | ||
| 995 |
_D0.00 _FCBU-MAIN LIBRARY (Kitwe) _H1 _I0.00 _M1 _UAVAILABLE _ZMain Library Open Access Collection |
||
| 999 |
_c45007 _d45007 |
||